<?xml version="1.0" encoding="UTF-8"?>
<record
    xmlns:xsi="http://www.w3.org/2001/XMLSchema-instance"
    xsi:schemaLocation="http://www.loc.gov/MARC21/slim http://www.loc.gov/standards/marcxml/schema/MARC21slim.xsd"
    xmlns="http://www.loc.gov/MARC21/slim">

  <leader>00780nam a22002177a 4500</leader>
  <controlfield tag="005">20240214164553.0</controlfield>
  <datafield tag="010" ind1=" " ind2=" ">
    <subfield code="a">ENG-139233</subfield>
  </datafield>
  <datafield tag="020" ind1=" " ind2=" ">
    <subfield code="c">499.00</subfield>
    <subfield code="a">9789356064317</subfield>
  </datafield>
  <datafield tag="035" ind1=" " ind2=" ">
    <subfield code="a">EN-122765</subfield>
  </datafield>
  <datafield tag="037" ind1=" " ind2=" ">
    <subfield code="b">DBAD/PUB</subfield>
  </datafield>
  <datafield tag="082" ind1=" " ind2=" ">
    <subfield code="a">625.45</subfield>
    <subfield code="2">15</subfield>
  </datafield>
  <datafield tag="100" ind1=" " ind2=" ">
    <subfield code="a">Bovee, Courtland L</subfield>
    <subfield code="9">62074</subfield>
  </datafield>
  <datafield tag="245" ind1=" " ind2=" ">
    <subfield code="a">Business Communication Today/</subfield>
    <subfield code="c">By Courtland L Bovee; John V Thill and Roshan Lal Raina</subfield>
  </datafield>
  <datafield tag="250" ind1=" " ind2=" ">
    <subfield code="a">15</subfield>
  </datafield>
  <datafield tag="260" ind1=" " ind2=" ">
    <subfield code="a">Uttar Pradesh</subfield>
    <subfield code="b">Pearson India Education Pvt Ltd</subfield>
    <subfield code="c">2022</subfield>
  </datafield>
  <datafield tag="270" ind1=" " ind2=" ">
    <subfield code="b">Uttar Pradesh</subfield>
    <subfield code="a">15th FLoor, Tower-B, World Trade Tower, Plot No.1, Block- C, Sector-16, Noida</subfield>
    <subfield code="e">201301</subfield>
  </datafield>
  <datafield tag="300" ind1=" " ind2=" ">
    <subfield code="a">xlv,709p.</subfield>
    <subfield code="c">25cm(pb)</subfield>
    <subfield code="b">Index</subfield>
  </datafield>
  <datafield tag="700" ind1=" " ind2=" ">
    <subfield code="a">Thill, John V </subfield>
    <subfield code="e">Author</subfield>
    <subfield code="9">62075</subfield>
  </datafield>
  <datafield tag="700" ind1=" " ind2=" ">
    <subfield code="a">Raina, Roshan Lal </subfield>
    <subfield code="e">Author</subfield>
    <subfield code="9">62076</subfield>
  </datafield>
  <datafield tag="942" ind1=" " ind2=" ">
    <subfield code="2">ddc</subfield>
    <subfield code="c">EN</subfield>
    <subfield code="h">658.45</subfield>
    <subfield code="m">BOV</subfield>
    <subfield code="e">15</subfield>
  </datafield>
  <datafield tag="999" ind1=" " ind2=" ">
    <subfield code="c">200740</subfield>
    <subfield code="d">200740</subfield>
  </datafield>
  <datafield tag="952" ind1=" " ind2=" ">
    <subfield code="0">0</subfield>
    <subfield code="1">0</subfield>
    <subfield code="4">0</subfield>
    <subfield code="7">0</subfield>
    <subfield code="8">NFIC</subfield>
    <subfield code="a">L</subfield>
    <subfield code="b">L</subfield>
    <subfield code="d">2024-02-14</subfield>
    <subfield code="e">DBAD</subfield>
    <subfield code="g">825.00</subfield>
    <subfield code="l">2</subfield>
    <subfield code="o">658.45 BOV</subfield>
    <subfield code="p">EN-122765</subfield>
    <subfield code="r">2024-12-24 00:00:00</subfield>
    <subfield code="s">2024-12-02</subfield>
    <subfield code="t">1</subfield>
    <subfield code="v">825.00</subfield>
    <subfield code="w">2024-02-14</subfield>
    <subfield code="y">EN</subfield>
  </datafield>
</record>
